Представление документа в формате MARC21

Поле Инд. ПП Название Значение
Тип записи a
Библиографический уровень m
001 Контрольный номер RU/LIBMSTU/389361253
005 Дата корректировки 20151110100755.0
008 Кодируемые данные 120510|||||||||ru |||||||||||000|||rus||
020 a ISBN 978-5-905598-01-2
040 b Код языка каталог. rus
041 0_ a Код языка текста rus
084 a Индекс другой классификации/Индекс ББК 87.63
090 a Полочн. индекс 87.6
x Авторский знак Е 72
100 1_ a Автор Ермалавичюс Ю. Ю.
245 10 a Заглавие Стратегия будущего
260 a Место издания Москва
b Издательство [б. и.]
c Дата издания 2012
300 a Объем 568 с.
650 04 a Основная рубрика Философия истории-Будущее человечества-Прогнозирование
650 14 a Основная рубрика Футурология
653 0_ a Ключевые слова Будущее человечества; Империализм; Исторический процесс; Кризис мировой; Мировоззрение научное; Мировой революционный процесс; Рабочий класс; Самосохранение человечества; Философия истории; Футурология; Человечество
901 t Тип документа m